Brainrot in world - Statistics

General Stats
  • This quiz has been taken 15 times
    7 since last reset
  • The average score is 28 of 31
Answers on the Map
Answers color-coded by a green-red scale on the quiz's map according to % correct below.
 
Answer Stats
Answer % Correct
Brazil
100%
China
100%
Denmark
100%
Egypt
100%
France
100%
India
100%
Iran
100%
Italy
100%
Madagascar
100%
Philippines
100%
Qatar
100%
Russia
100%
Serbia
100%
South korea
100%
Spain
100%
Taiwan
100%
Turkey
100%
Usa
100%
Angola
86%
Denmark
86%
guatemala
86%
Guinea
86%
Indonesia
86%
iraq
86%
Laos
86%
Liberia
86%
North korea
86%
Palau
86%
Vietnam
86%
israel
71%
Andorra
0%
No matching quizzes found
Score Distribution
Percent of People with Each Score
Percentile by Number Answered
Your Score History
You have not taken this quiz since the last reset